书目信息 |
| 题名: |
中外名律师精彩辩护词鉴赏
|
|
| 作者: | 沈丽红 编 | |
| 分册: | ||
| 出版信息: | 北京 工商出版社 1997 |
|
| 页数: | 385页 | |
| 开本: | 20cm | |
| 丛书名: | ||
| 单 册: | ||
| 中图分类: | D916.5 | |
| 科图分类: | ||
| 主题词: | 律师制度 | |
| 电子资源: | ||
| ISBN: | 7-80012-290-5 | |
| 000 | 00597nam0 2200205 45 | |
| 001 | 0197042333 | |
| 005 | 20050330171526.3 | |
| 010 | @a7-80012-290-5@dCNY16.80 | |
| 100 | @a19971127d1997 em y0chiy0121 ea | |
| 101 | 0 | @achi |
| 102 | @aCN@b110000 | |
| 105 | @ay n 000yy | |
| 200 | 10 | @a中外名律师精彩辩护词鉴赏@Azhong wai ming lv shi jing cai bian hu ci jian shang@f沈丽红等编@FShen Li Hong Deng Bian |
| 210 | @a北京@c工商出版社@d1997 | |
| 215 | @a385页@d20cm | |
| 606 | @a律师制度 | |
| 690 | @aD916.5@v3 | |
| 701 | 0 | @a沈丽红@4编 |
| 801 | 0 | @aCN@bNLC@c19971217 |
| 905 | @f1@b284004@dD916.5@e183 | |
| 中外名律师精彩辩护词鉴赏/沈丽红等编.-北京:工商出版社,1997 |
| 385页;20cm |
| ISBN 7-80012-290-5:CNY16.80 |
| ● |
| 相关链接 |
|
|
|
|
正题名:中外名律师精彩辩护词鉴赏
索取号:D916.5/183
 
预约/预借
| 序号 | 登录号 | 条形码 | 馆藏地/架位号 | 状态 | 备注 |
| 1 | 0284004 | 002840046 | 第一借阅区/ [索取号:D916.5/183] | 在馆 | |
| 2 | 0284005 | 002840055 | 第一样本阅览室/ [索取号:D916.5/183] | 在馆 |